Figuras y ratones = (Record no. 19411)

MARC details
000 -LEADER
fixed length control field 02009cam a2200529Ii 4500
001 - CONTROL NUMBER
control field ocn885230116
003 - CONTROL NUMBER IDENTIFIER
control field OCoLC
005 - DATE AND TIME OF LATEST TRANSACTION
control field 20200710114705.0
008 - FIXED-LENGTH DATA ELEMENTS--GENERAL INFORMATION
fixed length control field 140804t20152015nyua j 000 1 spa d
020 ## - INTERNATIONAL STANDARD BOOK NUMBER
International Standard Book Number 9780544430730
Qualifying information (Board book)
020 ## - INTERNATIONAL STANDARD BOOK NUMBER
International Standard Book Number 0544430735
Qualifying information (Board book)
035 ## - SYSTEM CONTROL NUMBER
System control number (OCoLC)885230116
040 ## - CATALOGING SOURCE
Original cataloging agency BTCTA
Language of cataloging eng
Description conventions rda
Transcribing agency BTCTA
Modifying agency GK8
-- CLE
-- OCLCO
-- VP@
-- OCLCF
-- OCLCO
-- CPL
-- OCLCO
-- T7L
-- JTH
-- OCLCO
-- OCL
-- OCLCO
-- IGA
-- TXLAP
-- DCB
-- CHILD
-- OCLCQ
-- LKC
041 1# - LANGUAGE CODE
Language code of text/sound track or separate title spa
-- eng
Language code of original eng
049 ## - LOCAL HOLDINGS (OCLC)
Holding library ORXA
050 #4 - LIBRARY OF CONGRESS CALL NUMBER
Classification number PZ73
Item number .S7584 2015
082 04 - DEWEY DECIMAL CLASSIFICATION NUMBER
Classification number [E]
Edition number 23
099 ## - LOCAL FREE-TEXT CALL NUMBER (OCLC)
Filing suffix SPANISH
Classification number jbb 2015
100 1# - MAIN ENTRY--PERSONAL NAME
Personal name Walsh, Ellen Stoll,
Relator term author,
-- illustrator.
245 10 - TITLE STATEMENT
Title Figuras y ratones =
Remainder of title Mouse shapes /
Statement of responsibility, etc. Ellen Stoll Walsh ; translation by Carlos E. Calvo.
246 31 - VARYING FORM OF TITLE
Title proper/short title Mouse shapes.
260 ## - PUBLICATION, DISTRIBUTION, ETC. (IMPRINT)
Place of publication, distribution, etc. New York, New York :
Name of publisher, distributor, etc. Houghton Mifflin Harcourt,
Date of publication, distribution, etc. c2015.
264 #1 - PRODUCTION, PUBLICATION, DISTRIBUTION, MANUFACTURE, AND COPYRIGHT NOTICE
Place of production, publication, distribution, manufacture New York, New York :
Name of producer, publisher, distributor, manufacturer Houghton Mifflin Harcourt,
Date of production, publication, distribution, manufacture, or copyright notice [2015]
264 #4 - PRODUCTION, PUBLICATION, DISTRIBUTION, MANUFACTURE, AND COPYRIGHT NOTICE
Date of production, publication, distribution, manufacture, or copyright notice c2015.
300 ## - PHYSICAL DESCRIPTION
Extent 1 volume (unpaged) :
Other physical details color illustrations ;
Dimensions 11 x 12 cm.
336 ## - CONTENT TYPE
Content type term text
Content type code txt
Source rdacontent.
336 ## - CONTENT TYPE
Content type term still image
Content type code sti
Source rdacontent.
337 ## - MEDIA TYPE
Media type term unmediated
Media type code n
Source rdamedia.
338 ## - CARRIER TYPE
Carrier type term volume
Carrier type code nc
Source rdacarrier.
500 ## - GENERAL NOTE
General note Cover title.
500 ## - GENERAL NOTE
General note Translation of: Mouse shapes.
500 ## - GENERAL NOTE
General note On board pages.
520 ## - SUMMARY, ETC.
Summary, etc. Three mice make a variety of things out of different shapes as they hide from a scary cat.
546 ## - LANGUAGE NOTE
Language note Parallel text in Spanish and English.
650 #0 - SUBJECT ADDED ENTRY--TOPICAL TERM
Topical term or geographic name as entry element Shapes
Form subdivision Juvenile fiction.
650 #0 - SUBJECT ADDED ENTRY--TOPICAL TERM
Topical term or geographic name as entry element Mice
Form subdivision Juvenile fiction.
650 #7 - SUBJECT ADDED ENTRY--TOPICAL TERM
Topical term or geographic name as entry element Ratones
Form subdivision Novela juvenil.
Source of heading or term bidex.
650 #7 - SUBJECT ADDED ENTRY--TOPICAL TERM
Topical term or geographic name as entry element Figuras
Form subdivision Novela juvenil.
Source of heading or term bidex.
655 #0 - INDEX TERM--GENRE/FORM
Genre/form data or focus term Board books.
655 #7 - INDEX TERM--GENRE/FORM
Genre/form data or focus term Materiales en espa©łol
General subdivision Biling©ơe.
Source of term qlsp.
655 #7 - INDEX TERM--GENRE/FORM
Genre/form data or focus term Board books.
Source of term lcgft.
690 ## - LOCAL SUBJECT ADDED ENTRY--TOPICAL TERM (OCLC, RLIN)
Topical term or geographic name as entry element Spanish language edition
Form subdivision Juvenile fiction.
700 1# - ADDED ENTRY--PERSONAL NAME
Personal name Calvo, Carlos E.,
Relator term translator.
700 12 - ADDED ENTRY--PERSONAL NAME
Personal name Walsh, Ellen Stoll.
Title of a work Mouse shapes.
Language of a work Spanish.
700 12 - ADDED ENTRY--PERSONAL NAME
Personal name Walsh, Ellen Stoll.
Title of a work Mouse shapes.
942 ## - ADDED ENTRY ELEMENTS (KOHA)
Koha item type Libro/Book
Holdings
Withdrawn status Lost status Damaged status Not for loan Home library Current library Date acquired Inventory number Total Checkouts Barcode Date last seen Date checked out Price effective from Koha item type Total Renewals Full call number Checked out Source of classification or shelving scheme
        Barbudos -- Satellite Barbudos -- Satellite 14/05/2019 Inventory date: 7/7/25   35800944 16/02/2022   14/05/2019 Libro/Book        
        Barbudos -- Satellite Barbudos -- Satellite 17/08/2020 Inventory date: 7/7/25   35801979 16/02/2022   17/08/2020 Libro/Book   JI    
        Capulin -- Satellite Capulin -- Satellite 14/05/2019 Inventory date: 7/7/25   35100339 14/05/2019   14/05/2019 Libro/Book        
        Capulin -- Satellite Capulin -- Satellite 10/08/2020 Inventory date: 7/7/25   35101979 10/08/2020   10/08/2020 Libro/Book   JI    
        San Juan Del Sur -- Mobile Escamequita 29/08/2020   1 33015759 10/03/2022 10/03/2022 29/08/2020 Libro/Book   JI 14/04/2022 Dewey Decimal Classification
        Genizero -- Satellite Genizero -- Satellite 14/05/2019 Inventory date: 7/7/25 3 35600931 28/06/2023 28/06/2023 14/05/2019 Libro/Book        
        Genizero -- Satellite Genizero -- Satellite 15/08/2020   1 35601973 05/01/2023 25/08/2021 15/08/2020 Libro/Book   JI    
        Las Brisas 1 -- Satellite Las Brisas 1 -- Satellite 25/07/2020 Inventory date: 7/4/25   40002174 25/07/2020   25/07/2020 Libro/Book   JI    
        Las Brisas 2 -- Satellite Las Brisas 2 -- Satellite 23/07/2020     40102188 23/07/2020   23/07/2020 Libro/Book   JI    
        Las Pampas -- Satellite Las Pampas -- Satellite 23/08/2020 inventory date: 17-1-25   35701980 23/08/2020   23/08/2020 Libro/Book   JI    
        San Juan Del Sur -- Biblioteca San Juan Del Sur -- Biblioteca 15/05/2019   14 30008970 20/11/2023 07/11/2023 15/05/2019 Libro/Book 1      
        Zaragoza -- Satellite San Juan Del Sur -- Biblioteca 30/07/2020 Checked out from 2023 - Jan 2025 1 35501977 21/06/2023 21/06/2023 30/07/2020 Libro/Book   JI 26/07/2023  
        Monte Cristo -- Satellite San Juan Del Sur -- Biblioteca 26/08/2020   1 40202190 13/08/2025 12/08/2025 26/08/2020 Libro/Book   JI    
        Sevadilla -- Satellite Sevadilla -- Satellite 19/07/2020   1 35401956 02/09/2024 03/06/2024 19/07/2020 Libro/Book   JI    

Powered by Koha